Catálogo
 En Linea

100 anos de uma cartografía inacabada / (Registro nro. 35100)

Detalles MARC
000 -CABECERA
campo de control de longitud fija 00632nam a2200169 a 4500
001 - NÚMERO DE CONTROL
campo de control 000035609
005 - FECHA Y HORA DE LA ÚLTIMA TRANSACCIÓN
campo de control 20200930074454.0
008 - DATOS DE LONGITUD FIJA--INFORMACIÓN GENERAL
campo de control de longitud fija 111105s2008 bl ac 000 0 spa d
020 ## - NÚMERO INTERNACIONAL ESTÁNDAR DEL LIBRO
Número Internacional Estándar del Libro 978853305007
040 ## - FUENTE DE LA CATALOGACIÓN
Centro catalogador/agencia de origen DO-SdBNP
Lengua de catalogación spa
Centro/agencia transcriptor BNPHU
082 ## - NÚMERO DE LA CLASIFICACIÓN DECIMAL DEWEY
Número de clasificación xxx
Número de documento/Ítem A848c
100 1# - ENTRADA PRINCIPAL--NOMBRE DE PERSONA
Nombre de persona Machado de Assis, Joaquín María
Fechas asociadas al nombre 1839-1908.
9 (RLIN) 31773
245 10 - MENCIÓN DE TÍTULO
Título 100 anos de uma cartografía inacabada /
Mención de responsabilidad, etc. Machado de Assis.
260 ## - PUBLICACIÓN, DISTRIBUCIÓN, ETC.
Lugar de publicación, distribución, etc. Rio de Janeiro :
Nombre del editor, distribuidor, etc. Ministério da Cultura,
Fecha de publicación, distribución, etc. 2008.
300 ## - DESCRIPCIÓN FÍSICA
Extensión 64 p. :
Otras características físicas il. retrs. ;
Dimensiones 24 cm.
500 ## - NOTA GENERAL
Nota general Catálogo da exposição realizada na Fundação Biblioteca Nacional 23 de setembro a 8 de novembro de 2008
Existencias
Estado de retiro Estado de pérdida Restricciones de uso No para préstamo Código de colección Localización permanente Ubicación/localización actual Ubicación en estantería Fecha de adquisición Número de inventario Total de préstamos Signatura topográfica completa Código de barras Fecha visto por última vez Precio válido a partir de Tipo de ítem Koha
        Monografías: Libros y Folletos General General Orden iniciada 05.11.2011 LF1   xxx A848c 35609-10 25.06.2020 25.06.2020 No se presta

Con tecnología Koha